00235 a2200109 450000100060000008200170000610000160002324500300003925000060006926000410007530000090011638283 a515.7222 MAR aMarple L.S aDigital spectral analysis a1 aUSAbPrentice Hall, USA Wesleyc1994 a492p